000 01403nam a2200361 a 4500
001 000115218
003 CHAP
005 20220329144524.0
008 190109s2018 mx a sm |||||||spa d
010 _a111679
011 _a112651
040 _cCHAP
090 _aTesis
100 1 _aMoreno Rodríguez, Mauricio.
_9136225
245 1 0 _aHeterosis de la variedad puebla SM3 de tomate de cáscara (Physalis ixocarpa Brot. Ex Hornem) en cruzamientos con familias de medios hermanos maternos /
_h[En línea]
_cpor Mauricio Moreno Rodríguez.
260 _aChapingo, Méx. :
_bEl autor,
_c2018.
500 _aPara ver el contenido del material haga clic en la liga
502 _aTesis (Agr. en Horticultura Protegida) -- UACH. Departamento de Fitotecnia
590 _aBATCH-UPD
_b10
_c20190620
_lUCH01
_h1033
590 _aE11695DGD
_b10
_c20190620
_lUCH01
_h1032
590 _aE8697GMM
_b05
_c20190109
_lUCH01
_h1004
590 _aE8697GMM
_b05
_c20190109
_lUCH01
_h1008
590 _aE8697GMM
_b05
_c20190109
_lUCH01
_h1306
590 _aE8697GMM
_b05
_c20190507
_lUCH01
_h1031
590 _aE8697GMM
_b05
_c20190517
_lUCH01
_h1455
650 1 4 _aTomate verde
_xGenética.
_9113816
650 1 4 _aTomate verde
_xHibridos.
_9113819
650 1 4 _aTomate verde
_xVariedades.
_9113840
856 _aFinding aid
_uhttp://10.13.5.2/tesis/sist115218.pdf
_zTeclea aquí
901 _aBK
942 _cTESIS
942 _n0
999 _c111679
_d111679